| 000 | 00802nam a2200253Ia 4500 | ||
|---|---|---|---|
| 001 | 21995 | ||
| 005 | 20260320113332.0 | ||
| 008 | 260320s9999||||xx |||||||||||||| ||und|| | ||
| 020 | _a9788432137433 | ||
| 041 | _aESP | ||
| 082 |
_a288 _bR746 |
||
| 100 |
_aRhonheimer, Martin, _eAUT |
||
| 245 | 0 |
_aCristianismo y laicidad : _bhistoria y actualidad de una relación compleja |
|
| 246 |
_a _5 _b |
||
| 260 |
_aMadrid : _bEdiciones Rialp, _c2009 |
||
| 300 |
_a200 páginas : _b _c20 cm. _e |
||
| 440 |
_a _n _v |
||
| 650 | _aREL | ||
| 653 | _aCristianismo; Iglesia Católica; Iglesia y Estado | ||
| 654 | _aCHU | ||
| 700 |
_a _c |
||
| 856 |
_uhttps://0u20fmsnu-y-https-research-ebsco-com.itmsp.museknowledge.com/c/qxo6us/search _zVéase además: Base de datos EBSCOhost |
||
| 942 |
_cLIB _dJUS _fMAT _2ddc _n |
||
| 999 |
_c21995 _d21995 |
||